[Event "FRA-chT1B 0809"]
[Site "France"]
[Date "2009.03.15"]
[Round "9.4"]
[White "Grill, Marc"]
[Black "Borzakian, Manouk"]
[Result "1-0"]
[WhiteElo "2161"]
[BlackElo "2273"]
[PlyCount "44"]
[EventDate "2008.10.19"]
[EventType "team-tourn"]
[EventRounds "11"]
[EventCountry "FRA"]
[SourceTitle "EXT 2010"]
[Source "ChessBase"]
[SourceDate "2010.11.25"]
[SourceVersion "1"]
[SourceVersionDate "2010.11.25"]
[SourceQuality "1"]
[WhiteTeam "Nantes"]
[BlackTeam "Migne Auxances"]
[WhiteTeamCountry "FRA"]
[BlackTeamCountry "FRA"]

1. e4 d6 2. d4 g6 3. Be3 Bg7 4. Nc3 a6 5. a4 Nf6 6. h3 0-0 7. Nf3 d5 8. e5 Ne4 9. Bd3 Nxc3 10. bxc3 c5 11. h4 c4 12. Be2 f6 13. h5 g5 14. h6 Bh8 15. Rh5 Bf5 16. Nxg5 fxg5 17. Rxg5+ Bg6 18. Bh5 Qd7 19. Bxg6 hxg6 20. Qh5 Qe8 21. h7+ Kg7 22. Rg3 Qc6 1-0

[Event "Paris Apsap op 102nd"]
[Site "Paris"]
[Date "2008.08.07"]
[Round "4"]
[White "Vallejo Pons, Francisco"]
[Black "Borzakian, Manouk"]
[Result "1-0"]
[WhiteElo "2650"]
[BlackElo "2194"]
[PlyCount "61"]
[EventDate "2008.07.26"]
[EventType "swiss"]
[EventRounds "9"]
[EventCountry "FRA"]
[SourceTitle "EXT 2010"]
[Source "ChessBase"]
[SourceDate "2010.11.25"]
[SourceVersion "1"]
[SourceVersionDate "2010.11.25"]
[SourceQuality "1"]

1. e4 d6 2. d4 g6 3. Bc4 Nf6 4. Qe2 Nc6 5. Nf3 Bg4 6. Bb5 a6 7. Bxc6+ bxc6 8. Nbd2 Bg7 9. h3 Bc8 10. e5 Nd5 11. Ne4 a5 12. c4 Ba6 13. 0-0 0-0 14. b3 a4 15. Bd2 Qb8 16. Rfe1 Nb4 17. Bg5 f6 18. exf6 exf6 19. Nxf6+ Bxf6 20. Qe6+ Kg7 21. Qd7+ Rf7 22. Bxf6+ Kxf6 23. Re6+ Kg7 24. Re7 Rxe7 25. Qxe7+ Kh8 26. Ng5 Qg8 27. Nf7+ Kg7 28. Nxd6+ Kh8 29. Nf7+ Kg7 30. Ne5+ Kh8 31. Qxb4 1-0

[Event "Paris-ch op-A"]
[Site "Paris"]
[Date "2008.07.02"]
[Round "5"]
[White "Borzakian, Manouk"]
[Black "Gervasio, Ricardo"]
[Result "0-1"]
[WhiteElo "2217"]
[BlackElo "2287"]
[PlyCount "66"]
[EventDate "2008.06.28"]
[EventType "swiss"]
[EventRounds "9"]
[EventCountry "FRA"]
[SourceTitle "CBM 125 Extra"]
[Source "ChessBase"]
[SourceDate "2008.09.01"]
[SourceVersion "1"]
[SourceVersionDate "2008.09.01"]
[SourceQuality "1"]

1. e4 c6 2. d4 g6 3. Nc3 d5 4. e5 h5 5. f4 Nh6 6. Nf3 Bg4 7. Be3 e6 8. h3 Bxf3 9. Qxf3 Nf5 10. Bf2 h4 11. Bd3 Nd7 12. 0-0 b5 13. Ne2 Nb6 14. b3 Rc8 15. c3 a5 16. Kh1 Qd7 17. Rac1 Be7 18. Rfd1 0-0 19. g4 hxg3 20. Nxg3 Nxg3+ 21. Qxg3 Kg7 22. Rg1 Rg8 23. Be3 Kh8 24. f5 exf5 25. Bg5 Rg7 26. Rcf1 Rh7 27. e6 Qd8 28. Rxf5 gxf5 29. Bxf5 Bxg5 30. Bxh7 Kxh7 31. Qf3 Qf6 32. Qh5+ Bh6 33. Rg3 Qxe6 0-1

[Event "Paris ChessXV"]
[Site "Paris"]
[Date "2004.12.14"]
[Round "5"]
[White "Borzakian, Manouk"]
[Black "Velikov, Petar"]
[Result "0-1"]
[WhiteElo "2198"]
[BlackElo "2442"]
[PlyCount "44"]
[EventDate "2004.12.??"]
[EventType "tourn"]
[EventRounds "9"]
[EventCountry "FRA"]
[EventCategory "4"]
[SourceTitle "EXT 2006"]
[Source "ChessBase"]
[SourceDate "2005.11.24"]
[SourceVersion "1"]
[SourceVersionDate "2005.11.24"]
[SourceQuality "1"]

1. e4 c5 2. a3 e6 3. b4 cxb4 4. axb4 Bxb4 5. Bb2 Bf8 6. Ra3 d6 7. Rg3 Nf6 8. Nc3 Nc6 9. d4 Qb6 10. Qa1 Nxd4 11. Bd3 Nc6 12. Nd5 exd5 13. Bxf6 gxf6 14. Qxf6 Qd4 15. e5 Nxe5 16. Re3 Kd7 17. Bb5+ Kc7 18. Kf1 Nc6 19. Qxf7+ Bd7 20. Nf3 Qc5 21. Bd3 Bh6 22. Bf5 Rad8 0-1

[Event "FRA-chT2 0405"]
[Site "France"]
[Date "2004.10.10"]
[Round "1.1"]
[White "Goldsztejn, Gildas"]
[Black "Borzakian, Manouk"]
[Result "0-1"]
[WhiteElo "2359"]
[BlackElo "2198"]
[PlyCount "78"]
[EventDate "2004.10.10"]
[EventType "team"]
[EventRounds "11"]
[EventCountry "FRA"]
[SourceTitle "EXT 2006"]
[Source "ChessBase"]
[SourceDate "2005.11.24"]
[SourceVersion "1"]
[SourceVersionDate "2005.11.24"]
[SourceQuality "1"]
[WhiteTeam "Paris NAO II"]
[BlackTeam "Paris Chess XV I"]
[WhiteTeamCountry "FRA"]
[BlackTeamCountry "FRA"]

1. d4 g6 2. c4 Bg7 3. Nc3 d6 4. e4 Nf6 5. Be2 0-0 6. Nf3 e5 7. Be3 Na6 8. 0-0 Ng4 9. Bg5 Qe8 10. h3 exd4 11. Nd5 f6 12. Bh4 Nh6 13. Qxd4 g5 14. Bg3 f5 15. Qd2 f4 16. Bh2 c6 17. Nc3 Nf7 18. Rfe1 h6 19. Rad1 Ne5 20. Qxd6 Nxf3+ 21. Bxf3 Be6 22. Nd5 Qf7 23. Ne7+ Kh8 24. Bh5 Qxh5 25. Qxe6 Rf6 26. Qd7 Nc5 27. Qd4 Ne6 28. Qe5 f3 29. Nf5 Raf8 30. Qc3 Rxf5 31. Qe3 R5f7 32. e5 g4 33. Rd6 Qf5 34. gxf3 gxf3 35. Kh1 Qxh3 36. Rg1 Qf5 37. c5 Re8 38. b4 Rff8 39. Qb3 Re7 0-1

[Event "Paris Apsap op 73rd"]
[Site "Paris"]
[Date "2004.08.05"]
[Round "6"]
[White "Borzakian, Manouk"]
[Black "Perrichon, Jim"]
[Result "1-0"]
[WhiteElo "2200"]
[BlackElo "2061"]
[PlyCount "75"]
[EventDate "2004.08.??"]
[EventType "swiss"]
[EventRounds "9"]
[EventCountry "FRA"]
[SourceTitle "EXT 2006"]
[Source "ChessBase"]
[SourceDate "2005.11.24"]
[SourceVersion "1"]
[SourceVersionDate "2005.11.24"]
[SourceQuality "1"]

1. e4 c5 2. Nc3 Nc6 3. Bb5 d6 4. Bxc6+ bxc6 5. d3 e6 6. f4 g6 7. Nf3 Bg7 8. 0-0 Ne7 9. Qe1 0-0 10. Na4 Rb8 11. Rb1 Ba6 12. c4 d5 13. Nxc5 Qc7 14. Nxa6 Qb6+ 15. Qf2 Qxa6 16. b3 Nc8 17. Be3 Rb7 18. Qc2 Nd6 19. Bc5 Rd8 20. Rfe1 Qa5 21. cxd5 exd5 22. exd5 Bc3 23. b4 Bxb4 24. Bxb4 Rxb4 25. dxc6 Rxf4 26. c7 Rc8 27. Rb8 Rxf3 28. Rxc8+ Nxc8 29. Re8+ Kg7 30. gxf3 Qg5+ 31. Kf1 Qf5 32. Qe2 Qh3+ 33. Kg1 Qd7 34. Qe5+ f6 35. Qe6 Qxd3 36. Rg8+ Kh6 37. Qh3+ Kg5 38. Qg4+ 1-0

[Event "Paris-ch"]
[Site "Paris"]
[Date "2004.07.08"]
[Round "6"]
[White "Borzakian, Manouk"]
[Black "Fayard, Alain"]
[Result "1-0"]
[WhiteElo "2200"]
[BlackElo "2253"]
[PlyCount "107"]
[EventDate "2004.07.03"]
[EventType "swiss"]
[EventRounds "9"]
[EventCountry "FRA"]
[SourceTitle "CBM 101 Extra"]
[Source "ChessBase"]
[SourceDate "2004.09.01"]
[SourceVersion "2"]
[SourceVersionDate "2004.09.01"]
[SourceQuality "1"]

1. e4 e5 2. Nf3 Nc6 3. Bb5 a6 4. Ba4 Nf6 5. 0-0 Be7 6. Re1 b5 7. Bb3 d6 8. c3 0-0 9. h3 Na5 10. Bc2 c5 11. d4 Nd7 12. b3 exd4 13. cxd4 Nc6 14. Nc3 Nb6 15. dxc5 dxc5 16. e5 Be6 17. Qe2 g6 18. Bh6 Re8 19. Ne4 Nd4 20. Nxd4 cxd4 21. Qd2 Ra7 22. Bg5 Bxg5 23. Nxg5 Bd5 24. Qf4 h6 25. Ne4 Bxe4 26. Bxe4 Qg5 27. Qxg5 hxg5 28. Bf3 Rae7 29. Rad1 Rxe5 30. Rxe5 Rxe5 31. Rxd4 Re6 32. Bb7 a5 33. b4 a4 34. Ba6 Re1+ 35. Kh2 Re5 36. Rd8+ Kg7 37. Rb8 Re6 38. Bxb5 a3 39. Rb7 Kf6 40. Ra7 Re5 41. Bd3 Rd5 42. Bf1 Rd1 43. Bb5 Rd5 44. Be8 Nc8 45. Rxa3 Nd6 46. Bc6 Rd4 47. Rb3 Rd2 48. Rf3+ Ke7 49. a4 Kd8 50. Rb3 Kc7 51. b5 Ra2 52. Rb4 Kb6 53. Rd4 Kc5 54. Rd5+ 1-0

[Event "Paris-ch"]
[Site "Paris"]
[Date "2004.07.06"]
[Round "4"]
[White "Borzakian, Manouk"]
[Black "Maisuradze, Nino"]
[Result "1/2-1/2"]
[WhiteElo "2200"]
[BlackElo "2277"]
[PlyCount "54"]
[EventDate "2004.07.03"]
[EventType "swiss"]
[EventRounds "9"]
[EventCountry "FRA"]
[SourceTitle "CBM 101 Extra"]
[Source "ChessBase"]
[SourceDate "2004.09.01"]
[SourceVersion "2"]
[SourceVersionDate "2004.09.01"]
[SourceQuality "1"]

1. e4 c5 2. Nc3 Nc6 3. Bb5 Nd4 4. Bc4 g6 5. Nf3 Bg7 6. Nxd4 cxd4 7. Qf3 Nh6 8. d3 0-0 9. Ne2 Qb6 10. Bb3 Kh8 11. h4 f5 12. h5 fxe4 13. Qxe4 d5 14. Qxd5 Rf5 15. Qe4 Re5 16. Qxe5 Bxe5 17. Bxh6 Be6 18. hxg6 Bxb3 19. axb3 Rc8 20. Bf4 Bxf4 21. Rxh7+ Kg8 22. Nxf4 Rxc2 23. Kf1 Qc6 24. Rxa7 Rc1+ 25. Ke2 Rc2+ 26. Kf1 Rc1+ 27. Ke2 Rc2+ 1/2-1/2

[Event "Paris Apsap op 71st"]
[Site "Paris"]
[Date "2004.04.19"]
[Round "1"]
[White "Borzakian, Manouk"]
[Black "Riazuelo, Gilles"]
[Result "1-0"]
[WhiteElo "2204"]
[BlackElo "2037"]
[PlyCount "33"]
[EventDate "2004.04.19"]
[EventType "swiss"]
[EventRounds "7"]
[EventCountry "FRA"]
[SourceTitle "CBM 100 Extra"]
[Source "ChessBase"]
[SourceDate "2004.07.06"]
[SourceVersion "2"]
[SourceVersionDate "2004.07.06"]
[SourceQuality "1"]

1. e4 c5 2. Nc3 Nc6 3. Bb5 Nd4 4. Bc4 g6 5. Nf3 Bg7 6. Nxd4 cxd4 7. Qf3 e6 8. Nb5 d6 9. Qa3 Be5 10. 0-0 d5 11. exd5 exd5 12. Re1 dxc4 13. Nd6+ Kf8 14. Rxe5 Be6 15. d3 cxd3 16. Bg5 Qd7 17. Nf5+ 1-0

[Event "FRA-ch Accession"]
[Site "Aix les Bains"]
[Date "2003.08.28"]
[Round "8"]
[White "Borzakian, Manouk"]
[Black "Picard, Romain"]
[Result "0-1"]
[WhiteElo "2143"]
[BlackElo "2244"]
[PlyCount "36"]
[EventDate "2003.08.19"]
[EventType "swiss"]
[EventRounds "11"]
[EventCountry "FRA"]
[SourceTitle "EXT 2004"]
[Source "ChessBase"]
[SourceDate "2003.11.25"]
[SourceVersion "1"]
[SourceVersionDate "2003.11.25"]
[SourceQuality "1"]

1. e4 e5 2. f4 exf4 3. Nf3 g5 4. d4 Bg7 5. Bc4 d6 6. h4 h6 7. hxg5 hxg5 8. Rxh8 Bxh8 9. g3 g4 10. Bxf4 gxf3 11. Qxf3 Nf6 12. Bg5 Bg4 13. Qh1 Bg7 14. Nc3 Nbd7 15. Kf1 Nb6 16. Be2 Qd7 17. Bb5 c6 18. Qh4 0-0-0 0-1

[Event "FRA-ch Accession"]
[Site "Aix les Bains"]
[Date "2003.08.20"]
[Round "4"]
[White "Borzakian, Manouk"]
[Black "Guadalpi, David"]
[Result "1/2-1/2"]
[WhiteElo "2135"]
[BlackElo "2281"]
[PlyCount "82"]
[EventDate "2003.08.19"]
[EventType "swiss"]
[EventRounds "11"]
[EventCountry "FRA"]
[SourceTitle "EXT 2004"]
[Source "ChessBase"]
[SourceDate "2003.11.25"]
[SourceVersion "1"]
[SourceVersionDate "2003.11.25"]
[SourceQuality "1"]

1. e4 c5 2. Nc3 a6 3. f4 b5 4. g3 Bb7 5. Bg2 e6 6. Nh3 Nf6 7. d3 d5 8. e5 Nfd7 9. 0-0 g6 10. Ne2 Nc6 11. c3 Qb6 12. Nf2 a5 13. g4 Ba6 14. f5 gxf5 15. gxf5 0-0-0 16. fxe6 fxe6 17. Nf4 Ncxe5 18. Bh3 Rg8+ 19. Kh1 Re8 20. Qh5 Bg7 21. Rg1 Re7 22. Bd2 Bb7 23. Rg3 d4+ 24. Bg2 Rf8 25. cxd4 cxd4 26. Ne4 Kb8 27. Rc1 Ka7 28. b4 a4 29. Qe2 Bh6 30. Nh3 Bxd2 31. Nxd2 Ref7 32. Ne4 Bd5 33. a3 Ng6 34. Kg1 Nh4 35. Nhg5 Nxg2 36. Rxg2 Rf4 37. Qc2 Bxe4 38. Nxe4 Rxe4 39. Rg7 Kb8 40. Rxd7 Rg4+ 41. Kh1 Rfg8 1/2-1/2